Biomedical dosimetry: Physical Aspects, Intrumentation, Calibration
| Main Author: | |
|---|---|
| Format: | Section = Libro |
| Language: | Undetermined Spanish |
| Published: |
Autria
IAEA
1981
|
| Subjects: |
| LEADER | 00560nam a2200193Ia 4500 | ||
|---|---|---|---|
| 008 | 240830s9999 xx 000 0 und d | ||
| 040 | |a CEDOC FIQ-RUSB / 570 B615 | ||
| 041 | |a spa | ||
| 082 | |a 570 B615 | ||
| 100 | 1 | |a Biomedical Dosimetry | |
| 245 | 1 | 0 | |a Biomedical dosimetry: Physical Aspects, Intrumentation, Calibration |
| 260 | |a Autria |b IAEA |c 1981 | ||
| 300 | |a 596 p.: il. | ||
| 650 | 7 | |a CIENCIAS BIOLÓGICAS | |
| 650 | 7 | |b ASPECTO GENERAL EN DOSIMETRÍA | |
| 650 | 7 | |c DETERMINACIÓN DE LA DOSIS ABSORBIDA | |
| 942 | |c BK |2 ddc | ||
| 991 | |a TEXTO | ||
| 999 | |c 27120 | ||